Reglamento de contratación de las corporaciones locales : 13 de febrero de 1953 / por Luis Marqués Carbó 13 de febrero de 1953 / por Luis Marqués Carbó
Descripción Física:
344 p. ; 22 cm
MARC
| LEADER | 00000nam a2200000Ia 4500 | ||
|---|---|---|---|
| 001 | 14178 | ||
| 008 | 160829s9999 xx 000 0 cat d | ||
| 080 | |a M-4-153 | ||
| 100 | |a Marqués Carbó, Luis |9 24231 | ||
| 245 | |a Reglamento de contratación de las corporaciones locales : |b 13 de febrero de 1953 / por Luis Marqués Carbó | ||
| 260 | |a Tarragona : |b Sugrañes, [1953?] | ||
| 300 | |a 344 p. ; |c 22 cm | ||
| 590 | |a Bibliografia. | ||
| 590 | |a Índex | ||
| 650 | |a Administració local |x Contractes i especificacions |x Espanya |9 24236 | ||
| 650 | 0 | |a Contractes administratius |x Dret i legislació |x Espanya |9 45760 | |
| 901 | |a Arxiu | ||
| 942 | |n 1 | ||
| 952 | |0 0 |1 0 |4 0 |6 M4153 |7 1 |9 43032 |a Arxiu |b Arxiu |d 2016-12-01 |l 0 |o M-4-153 |p 14178 |r 2016-12-01 00:00:00 |w 2016-12-01 |y ARXIU | ||
| 999 | |c 45575 |d 45575 | ||